Statystyki dla Zwycięzcy konkursu wsadów w historii NBA

Kliknij tutaj aby rozwiązać quiz!

Ogólne statystyki

  • Ten quiz został rozwiązany 15 razy
  • Średni wynik to 6 z 38

Statystyki odpowiedzi

RokZawodnik% Poprawnych
2023Mac McClung
67%
2016Zach LaVine
58%
2015Zach LaVine
42%
2020Derrick Jones Jr.
33%
2000Vince Carter
33%
1987Michael Jordan
25%
2022Obi Toppin
25%
2011Blake Griffin
17%
2001Desmond Mason
17%
2007Gerald Green
17%
2019Hamidou Diallo
17%
2003Jason Richardson
17%
1997Kobe Bryant
17%
1988Michael Jordan
17%
2010Nate Robinson
17%
2009Nate Robinson
17%
2006Nate Robinson
17%
2021Anfernee Simons
8%
1996Brent Barry
8%
1992Cedric Ceballos
8%
1991Dee Brown
8%
1990Dominique Wilkins
8%
1985Dominique Wilkins
8%
2018Donovan Mitchell
8%
2008Dwight Howard
8%
2004Fred Jones
8%
2017Glenn Robinson III
8%
1995Harold Miner
8%
1993Harold Miner
8%
1994Isiah Rider
8%
2002Jason Richardson
8%
2012Jeremy Evans
8%
2014John Wall
8%
2005Josh Smith
8%
1989Kenny Walker
8%
1984Larry Nance
8%
1986Spud Webb
8%
2013Terrence Ross
8%

Rozkład punktacji

Percentyl według liczby udzielonych odpowiedzi

Procent ludzi z każdym wynikiem

Twoja historia wyników

Nie rozwiązałeś tego quizu